Statistics for Taylor Swift - mirrorball Lyrics

Click here to take the quiz!

General Stats

  • This quiz has been taken 93 times
    (89 since last reset)
  • The average score is 236 of 257

Answer Stats

Answer% Correct
a
100%
I
100%
mirrorball
100%
the
100%
The
100%
you
100%
You
100%
and
98%
And
98%
i'm
98%
I'm
98%
me
98%
to
98%
know
97%
my
97%
on
97%
want
97%
when
97%
When
97%
all
95%
do
95%
for
95%
in
95%
no
95%
every
93%
is
93%
just
93%
looking
93%
love
93%
of
93%
they
93%
try
93%
at
92%
everything
92%
highest
92%
I'll
92%
one
92%
shining
92%
still
92%
tallest
92%
trying
92%
around
90%
But
90%
but
90%
get
90%
heels
90%
Hush
90%
show
90%
that
90%
tiptoes
90%
why
90%
dear
88%
don't
88%
like
88%
near
88%
said
88%
Spinning
88%
spinning
88%
tonight
88%
version
88%
yourself
88%
been
86%
clowns
86%
end
86%
laughing
86%
natural
86%
rodeo
86%
are
85%
believer
85%
find
85%
I've
85%
keep
85%
million
85%
never
85%
not
85%
regulars
85%
You'll
85%
break
83%
called
83%
circus
83%
disco
83%
down
83%
floor
83%
off
83%
pieces
83%
tightrope
83%
can
81%
horses
81%
trapeze
81%
Because
80%
change
80%
about
78%
beautiful
78%
home
78%
fit
76%
it's
76%
out
75%
as
73%
sent
73%
Shimmering
71%
watch
71%
burned
69%
glisten
68%
revelers
68%
edges
66%
Drunk
63%
masquerade
63%
shattered
61%

Score Distribution

Percentile by Number Answered

Percent of People with Each Score

Your Score History

You have not taken this quiz since the last reset